[Event "BL 8990 Porz-Kirchheim"]
[Site "?"]
[Date "1989.??.??"]
[Round "?.4"]
[White "Lutz, C."]
[Black "Mueller, O."]
[Result "1-0"]
[WhiteElo "2410"]
[BlackElo "2355"]
[PlyCount "63"]
[EventDate "1989.??.??"]

1. d4 Nf6 2. c4 e6 3. Nc3 Bb4 4. e3 c5 5. Bd3 Nc6 6. Nge2 cxd4 7. exd4 d5 8.
cxd5 Nxd5 9. O-O O-O 10. Bc2 Bd6 11. Ne4 Be7 12. a3 b6 13. Qd3 g6 14. Bh6 Re8
15. Rad1 a5 16. Rfe1 Ba6 17. Qf3 Rc8 18. Ba4 Bc4 19. Nf4 Nxf4 20. Qxf4 b5 21.
Bc2 Bd5 22. Ng5 Bf6 23. h4 Qe7 24. h5 Red8 25. hxg6 hxg6 26. Qg4 Nxd4 27. Nxf7
Qxf7 28. Bxg6 Qa7 29. Bb1+ Kf7 30. Qg6+ Ke7 31. Qh7+ Kd6 32. Qxa7 1-0

[Event "BL 8990 Porz-Kirchheim"]
[Site "?"]
[Date "1989.??.??"]
[Round "?.5"]
[White "Vonthron, H."]
[Black "Schoen, W."]
[Result "1-0"]
[WhiteElo "2385"]
[BlackElo "2360"]
[PlyCount "95"]
[EventDate "1989.??.??"]

1. e4 c5 2. Nf3 Nc6 3. d4 cxd4 4. Nxd4 Nf6 5. Nc3 d6 6. Bc4 e6 7. Be3 Be7 8.
Qe2 a6 9. O-O-O Qc7 10. Bb3 Na5 11. g4 b5 12. g5 Nxb3+ 13. axb3 Nd7 14. h4 b4
15. Na4 Nc5 16. h5 Bd7 17. g6 Nxb3+ 18. Nxb3 Bxa4 19. gxf7+ Kxf7 20. Nd4 Bf6
21. b3 Bd7 22. f4 h6 23. e5 dxe5 24. Nf3 Bb5 25. Qg2 Qc3 26. Kb1 Qxe3 27. fxe5
Bg5 28. Nxg5+ Qxg5 29. Qb7+ Kg8 30. Qxa8+ Kh7 31. Qe4+ Qf5 32. Qg2 Rc8 33. Rhg1
Qxe5 34. Qg6+ Kh8 35. Rde1 Qd4 36. Rxe6 Rxc2 37. Qxh6+ Kg8 38. Rxg7+ Qxg7 39.
Qxg7+ Kxg7 40. Kxc2 Kh7 41. Kd2 Bf1 42. Ke3 Kg7 43. Kd4 Kh7 44. Kc5 a5 45. Kb6
a4 46. bxa4 b3 47. Kc5 Bd3 48. Rb6 1-0

[Event "BL 8990 Porz-Kirchheim"]
[Site "?"]
[Date "1989.??.??"]
[Round "?.6"]
[White "Ostermeyer, P."]
[Black "Biebinger, G."]
[Result "1-0"]
[WhiteElo "2465"]
[BlackElo "2290"]
[PlyCount "125"]
[EventDate "1989.??.??"]

1. e4 e6 2. d3 c5 3. Nf3 b6 4. g3 Bb7 5. Bg2 Nf6 6. O-O Be7 7. e5 Nd5 8. c4 Nc7
9. Nc3 O-O 10. d4 cxd4 11. Qxd4 Nc6 12. Qg4 f5 13. exf6 Bxf6 14. Bf4 Bxc3 15.
bxc3 Ne8 16. Rad1 Qc8 17. Bd6 Rf5 18. Rfe1 Nd8 19. Qxf5 Nxd6 20. Qd3 N8f7 21.
Ne5 Bxg2 22. Nxf7 Nxf7 23. Kxg2 Qb7+ 24. Qe4 Rb8 25. Qxb7 Rxb7 26. c5 Nd8 27.
cxb6 axb6 28. Rb1 Kf7 29. Rb3 Ke7 30. Reb1 Rc7 31. Rxb6 Rxc3 32. R6b3 Rc4 33.
Rb4 Rc3 34. R1b3 Rc2 35. a4 Ra2 36. Rh4 h6 37. Rg4 g5 38. h4 Nf7 39. hxg5 hxg5
40. Rgb4 Ne5 41. Re4 Kf6 42. Rbe3 Nf7 43. Kf1 e5 44. Rb4 Ke6 45. f4 gxf4 46.
gxf4 d6 47. Ke1 Kd5 48. f5 Nh6 49. f6 Ra1+ 50. Ke2 Ra2+ 51. Kf1 Ra1+ 52. Re1
Ra3 53. Re2 e4 54. Rf2 Nf7 55. Rf4 Ra1+ 56. Kg2 Ra2+ 57. Kg3 Ra3+ 58. Kh4 e3
59. Rbd4+ Kc5 60. Rde4 d5 61. Re7 Nh8 62. f7 d4 63. Rc7+ 1-0

[Event "BL 8990 Porz-Kirchheim"]
[Site "?"]
[Date "1989.??.??"]
[Round "?.7"]
[White "Messmer, M."]
[Black "Jackelen, T."]
[Result "1-0"]
[WhiteElo "2290"]
[BlackElo "2355"]
[PlyCount "43"]
[EventDate "1989.??.??"]

1. d4 d5 2. Nf3 Nf6 3. c4 e6 4. Nc3 Be7 5. Bg5 h6 6. Bxf6 Bxf6 7. e3 O-O 8. Qd2
dxc4 9. Bxc4 Nd7 10. O-O c5 11. Bb3 cxd4 12. exd4 b6 13. Rad1 Bb7 14. Qe3 Re8
15. Ne4 Be7 16. Ne5 Nf6 17. Nxf7 Kxf7 18. Ng5+ hxg5 19. Qxe6+ Kg6 20. Bc2+ Kh6
21. Qh3+ Nh5 22. Qf5 1-0

[Event "BL 8990 Dortmund-Regensburg"]
[Site "?"]
[Date "1989.??.??"]
[Round "?.1"]
[White "Meduna, E."]
[Black "Schmittdiel, E."]
[Result "1/2-1/2"]
[WhiteElo "2475"]
[BlackElo "2435"]
[PlyCount "26"]
[EventDate "1989.??.??"]

1. Nf3 Nf6 2. d4 e6 3. Bf4 b6 4. e3 Bb7 5. c4 Be7 6. Nc3 Nh5 7. Bg3 O-O 8. Bd3
f5 9. O-O d6 10. Nd2 Qe8 11. Be2 Nxg3 12. hxg3 Nd7 13. Bh5 Qc8 1/2-1/2

[Event "BL 8990 Dortmund-Regensburg"]
[Site "?"]
[Date "1989.??.??"]
[Round "?.2"]
[White "Mainka, R."]
[Black "Gross, S."]
[Result "1/2-1/2"]
[WhiteElo "2450"]
[BlackElo "2435"]
[PlyCount "91"]
[EventDate "1989.??.??"]

1. e4 c5 2. Nf3 d6 3. d4 cxd4 4. Nxd4 e6 5. c4 Nf6 6. Nc3 Nc6 7. Be2 Be7 8. O-O
O-O 9. Be3 Bd7 10. Qd2 Qb8 11. Rfd1 Rd8 12. Rac1 Nxd4 13. Bxd4 Bc6 14. f3 a6
15. a4 a5 16. b3 Nd7 17. Nd5 exd5 18. cxd5 Bxd5 19. exd5 Bf6 20. Bb5 Bxd4+ 21.
Qxd4 Nc5 22. Rc3 Rf8 23. Re1 Qd8 24. f4 f5 25. Rxc5 dxc5 26. Qe5 Rf6 27. Qc3
Qd6 28. Re5 b6 29. Qe3 Raf8 30. Kf2 h6 31. Ke2 Kh7 32. Kd3 c4+ 33. bxc4 Qa3+
34. Ke2 Qa1 35. Kf2 Qb2+ 36. Kg1 Rg6 37. Qf2 Qc3 38. Re3 Qb4 39. h3 Qd6 40. Re5
Rgf6 41. Qe3 Rc8 42. Re7 Rc7 43. Re8 Rcf7 44. Qe5 Qa3 45. Kh2 Rg6 46. Qe3
1/2-1/2

[Event "BL 8990 Dortmund-Regensburg"]
[Site "?"]
[Date "1989.??.??"]
[Round "?.3"]
[White "Mandl, Ro"]
[Black "Keitlinghaus, L."]
[Result "1/2-1/2"]
[WhiteElo "2285"]
[BlackElo "2405"]
[PlyCount "54"]
[EventDate "1989.??.??"]

1. d4 e6 2. Nf3 f5 3. Bf4 Nf6 4. e3 b6 5. Bd3 Bb7 6. h3 g6 7. c4 Bg7 8. Nc3 d6
9. Qe2 Nbd7 10. e4 O-O 11. O-O fxe4 12. Nxe4 Nxe4 13. Bxe4 d5 14. Bg5 Qe8 15.
cxd5 exd5 16. Bd3 Qxe2 17. Bxe2 c5 18. Bb5 Nf6 19. dxc5 bxc5 20. Rad1 Ne4 21.
Bc1 Rab8 22. Rfe1 Ba8 23. a4 Rb6 24. Re2 Rbf6 25. Bd3 h6 26. Be3 g5 27. Ne5 Re6
1/2-1/2

[Event "BL 8990 Dortmund-Regensburg"]
[Site "?"]
[Date "1989.??.??"]
[Round "?.4"]
[White "Stein, B."]
[Black "Rother, C."]
[Result "0-1"]
[WhiteElo "2380"]
[BlackElo "2360"]
[PlyCount "128"]
[EventDate "1989.??.??"]

1. b3 d5 2. Bb2 Bg4 3. Nf3 Bxf3 4. exf3 Nf6 5. g3 e6 6. Bg2 Be7 7. O-O O-O 8.
f4 Nbd7 9. d3 Ne8 10. f5 Bf6 11. d4 Nd6 12. fxe6 fxe6 13. Nd2 Qe7 14. Qe2 Nf5
15. c3 Rfe8 16. f4 g6 17. a4 Rac8 18. Rae1 c5 19. g4 cxd4 20. gxf5 dxc3 21.
Bxc3 Qc5+ 22. Kh1 exf5 23. Be5 Nxe5 24. fxe5 Rxe5 25. Qd3 Rd8 26. Rxe5 Bxe5 27.
Rd1 b6 28. Nc4 d4 29. Qf3 Bb8 30. Qc6 Qe7 31. Nd2 Qe3 32. Qc4+ Kf8 33. Nf3 d3
34. Qc3 Kf7 35. Re1 Qf4 36. Rd1 Qe3 37. Qc4+ Kf8 38. Qh4 Qe7 39. Ng5 Rd7 40.
Re1 Qe2 41. Rxe2 dxe2 42. Qb4+ Kg7 43. Qc3+ Kh6 44. Nf7+ Rxf7 45. Qd2+ Kg7 46.
Qxe2 Bd6 47. Qc4 Be5 48. Bc6 Re7 49. Kg2 Bf6 50. b4 a5 51. bxa5 bxa5 52. Bd5
Be5 53. Qc5 Rc7 54. Bc6 Kf6 55. h3 Bf4 56. Kf3 g5 57. h4 Re7 58. Qxa5 Re3+ 59.
Kf2 g4 60. Qd8+ Re7 61. Bd5 Be3+ 62. Ke2 Bb6+ 63. Qxe7+ Kxe7 64. h5 h6 0-1

[Event "BL 8990 Dortmund-Regensburg"]
[Site "?"]
[Date "1989.??.??"]
[Round "?.5"]
[White "Jell, K."]
[Black "Thesing, M."]
[Result "1/2-1/2"]
[WhiteElo "2240"]
[BlackElo "2370"]
[PlyCount "90"]
[EventDate "1989.??.??"]

1. e4 e6 2. d3 d5 3. Nd2 Nf6 4. Ngf3 Nc6 5. c3 e5 6. Be2 Bd6 7. O-O O-O 8. Re1
a5 9. a4 Re8 10. Qb3 Bf8 11. Bf1 d4 12. h3 Be6 13. Nc4 Nd7 14. cxd4 exd4 15.
Bd2 Nc5 16. Qc2 f6 17. Bxa5 Nxa5 18. Nxa5 Rxa5 19. b4 Nb3 20. bxa5 Nxa1 21.
Rxa1 Bb4 22. Rb1 c5 23. Qb2 Qxa5 24. Nxd4 Bc3 25. Qb5 Qxb5 26. Nxb5 Be5 27. Be2
Ra8 28. Bd1 Ba2 29. Rc1 b6 30. Nc3 Be6 31. Ne2 g5 32. Nc3 Kg7 33. Nd5 Bxd5 34.
exd5 Rd8 35. Bb3 Ra8 36. Kf1 Kf8 37. Rb1 Ke7 38. Bd1 Bc7 39. Bb3 Ra5 40. Rc1
Be5 41. Ke2 Kd6 42. Rc2 b5 43. axb5 Rxb5 44. Bc4 Rb2 45. Rxb2 Bxb2 1/2-1/2

[Event "BL 8990 Dortmund-Regensburg"]
[Site "?"]
[Date "1989.??.??"]
[Round "?.6"]
[White "Finegold, B."]
[Black "Schmid, G."]
[Result "1/2-1/2"]
[WhiteElo "2375"]
[BlackElo "2315"]
[PlyCount "43"]
[EventDate "1989.??.??"]

1. d4 Nf6 2. c4 g6 3. Nc3 Bg7 4. Nf3 O-O 5. e4 d6 6. Be2 e5 7. dxe5 dxe5 8.
Qxd8 Rxd8 9. Bg5 Na6 10. Nd5 Rd6 11. Bxf6 Bxf6 12. b4 c6 13. Nxf6+ Rxf6 14. a3
Bg4 15. Nxe5 Bxe2 16. Kxe2 Re6 17. Nf3 Rxe4+ 18. Kd3 Re7 19. Rhe1 Rd7+ 20. Kc2
Rad8 21. Rad1 Rxd1 22. Rxd1 1/2-1/2

[Event "BL 8990 Dortmund-Regensburg"]
[Site "?"]
[Date "1989.??.??"]
[Round "?.7"]
[White "Muehl, T."]
[Black "Davidovic, A."]
[Result "0-1"]
[WhiteElo "2280"]
[BlackElo "2420"]
[PlyCount "88"]
[EventDate "1989.??.??"]

1. e4 c5 2. Nf3 Nc6 3. g3 e6 4. Bg2 Nf6 5. d3 d5 6. Nbd2 b6 7. O-O Bb7 8. Re1
Be7 9. Qe2 d4 10. h3 e5 11. Nc4 Nd7 12. a4 a6 13. b3 Qc7 14. Nh2 O-O-O 15. f4
Kb8 16. Nf3 f6 17. fxe5 Ndxe5 18. Ncxe5 fxe5 19. Ng5 Bxg5 20. Bxg5 Rdf8 21. Rf1
h6 22. Bd2 Qe7 23. Rxf8+ Rxf8 24. Rf1 Bc8 25. Kh2 Nb4 26. Bc1 Rxf1 27. Bxf1 Qf6
28. Bg2 g5 29. Kg1 Be6 30. Ba3 a5 31. Bxb4 cxb4 32. Qf3 Qxf3 33. Bxf3 Kc7 34.
Kf2 Kd6 35. g4 Kc5 36. Bd1 b5 37. axb5 Kxb5 38. Ke1 a4 39. bxa4+ Kxa4 40. Kd2
Ka3 41. Kc1 Ka2 42. Be2 Bd7 43. Bd1 Ba4 44. Be2 Bxc2 0-1

[Event "BL 8990 Solingen-Bamberg"]
[Site "?"]
[Date "1989.??.??"]
[Round "?.1"]
[White "Unzicker, W."]
[Black "Spassky, B."]
[Result "1/2-1/2"]
[WhiteElo "2475"]
[BlackElo "2580"]
[PlyCount "33"]
[EventDate "1989.??.??"]

1. d4 Nf6 2. c4 e6 3. Nf3 Bb4+ 4. Bd2 Bxd2+ 5. Qxd2 d5 6. Nc3 O-O 7. e3 Qe7 8.
Bd3 dxc4 9. Bxc4 c5 10. O-O Rd8 11. Qe2 Nc6 12. Rad1 Bd7 13. a3 Be8 14. dxc5
Qxc5 15. Ba2 h6 16. Rxd8 Rxd8 17. Rd1 1/2-1/2

[Event "BL 8990 Solingen-Bamberg"]
[Site "?"]
[Date "1989.??.??"]
[Round "?.3"]
[White "Meister, P."]
[Black "Lobron, E."]
[Result "1-0"]
[WhiteElo "2425"]
[BlackElo "2585"]
[PlyCount "101"]
[EventDate "1989.??.??"]

1. d4 e6 2. c4 c5 3. d5 exd5 4. cxd5 d6 5. Nc3 g6 6. Nf3 Nf6 7. e4 Bg7 8. Nd2
O-O 9. Be2 Re8 10. O-O Na6 11. f3 Nc7 12. a4 b6 13. Kh1 Rb8 14. Nc4 Ba6 15. Bf4
Nh5 16. Bd2 Bxc4 17. Bxc4 a6 18. Qe2 Qc8 19. Rab1 f5 20. b4 f4 21. bxc5 bxc5
22. Qd3 Be5 23. Ne2 Qd7 24. Bc3 Rxb1 25. Rxb1 Qxa4 26. Ra1 Qd7 27. Bxe5 Rxe5
28. Bxa6 Qg7 29. Rb1 Re8 30. Bc4 Kf8 31. g4 fxg3 32. hxg3 g5 33. Rb7 Re7 34.
Kg2 Ne8 35. Rxe7 Qxe7 36. Qe3 Qf6 37. Bb5 Qe5 38. Bxe8 Kxe8 39. f4 gxf4 40.
gxf4 Qb2 41. Kf3 Qa2 42. Qd3 Nf6 43. Qb5+ Kf7 44. Qb7+ Kg6 45. f5+ Kh6 46. Qe7
Qb3+ 47. Kf4 Nxd5+ 48. exd5 Qc4+ 49. Kg3 Qb3+ 50. Kf2 Qc2 51. Qxd6+ 1-0

[Event "BL 8990 Solingen-Bamberg"]
[Site "?"]
[Date "1989.??.??"]
[Round "?.4"]
[White "Lau, R."]
[Black "Goehring, K."]
[Result "1/2-1/2"]
[WhiteElo "2470"]
[BlackElo "2310"]
[PlyCount "115"]
[EventDate "1989.??.??"]

1. e4 e5 2. Nf3 Nc6 3. Bb5 a6 4. Ba4 Nf6 5. O-O Be7 6. Re1 b5 7. Bb3 d6 8. c3
O-O 9. h3 Nd7 10. d4 Nb6 11. Nbd2 Bf6 12. Nf1 Re8 13. Ng3 g6 14. Bh6 Na5 15.
Bc2 c5 16. d5 Bd7 17. b3 Bg7 18. Qd2 Qe7 19. Nh2 Nb7 20. Rf1 f6 21. Bxg7 Qxg7
22. f4 Qh6 23. Rf3 Rf8 24. Qf2 exf4 25. Rxf4 Rf7 26. Rf1 Raf8 27. Bd3 Bc8 28.
c4 b4 29. Be2 Nd7 30. Bg4 Ne5 31. Bxc8 Rxc8 32. Rxf6 Rcf8 33. Nf5 Qh5 34. Rxf7
Rxf7 35. Qg3 Kf8 36. Ne3 Qe2 37. Rxf7+ Nxf7 38. Qf2 Qd3 39. Nf3 Qb1+ 40. Nf1
Qxe4 41. Ng5 Qe7 42. Ne6+ Kg8 43. Ng3 Nfd8 44. Nxd8 Nxd8 45. Qf4 Nf7 46. Ne4
Kg7 47. h4 h6 48. Kf2 Ne5 49. Ke3 a5 50. Kd2 Nf7 51. Kc2 h5 52. Kd2 Qd8 53. Ke2
Qe7 54. g3 Qd8 55. Kf1 Qe7 56. Kg2 Qd8 57. Kh2 Qe7 58. Kg2 1/2-1/2

[Event "BL 8990 Solingen-Bamberg"]
[Site "?"]
[Date "1989.??.??"]
[Round "?.5"]
[White "Hartmann, G."]
[Black "Schneider, B1."]
[Result "1-0"]
[WhiteElo "2275"]
[BlackElo "2475"]
[PlyCount "80"]
[EventDate "1989.??.??"]

1. e4 g6 2. d4 Bg7 3. Nc3 c6 4. Nf3 d5 5. Bf4 Nf6 6. e5 Nh5 7. Be3 f6 8. Qd2
O-O 9. Be2 Bg4 10. O-O-O Nd7 11. exf6 Nhxf6 12. Ng5 Bxe2 13. Nxe2 Qb6 14. Ne6
Ne4 15. Qe1 Rf6 16. Nxg7 Kxg7 17. h4 Nd6 18. h5 Nc4 19. b3 Nxe3 20. fxe3 g5 21.
h6+ Kh8 22. Qg3 Rg8 23. Nc3 Qb4 24. e4 e6 25. Qe3 Qf8 26. Kb2 Rxh6 27. Rdf1 Rf6
28. Qh3 Rg7 29. Rxf6 Qxf6 30. exd5 exd5 31. Ne2 Re7 32. Qd3 Nc5 33. Qd1 Ne4 34.
Rf1 Qg7 35. Ng1 c5 36. Rf5 cxd4 37. Rxd5 d3+ 38. Ka3 Rd7 39. Qxd3 Qe7+ 40. b4
Rxd5 {ZÜ} 1-0

[Event "BL 8990 Solingen-Bamberg"]
[Site "?"]
[Date "1989.??.??"]
[Round "?.7"]
[White "Kestler, H."]
[Black "Zysk, R."]
[Result "1-0"]
[WhiteElo "2355"]
[BlackElo "2450"]
[PlyCount "103"]
[EventDate "1989.??.??"]

1. d4 f5 2. g3 Nf6 3. Bg2 g6 4. Nf3 Bg7 5. c4 d6 6. O-O O-O 7. Nc3 Qe8 8. b3
Na6 9. Ba3 c6 10. Qd3 Nc7 11. Rae1 d5 12. Ne5 Be6 13. cxd5 Nfxd5 14. Nxd5 Bxd5
15. Bxd5+ Nxd5 16. e4 fxe4 17. Qxe4 Qc8 18. Nd3 Rf7 19. Ne5 Bxe5 20. Qxe5 Qh3
21. Qe6 Qxe6 22. Rxe6 a5 23. Rfe1 Kf8 24. R6e5 Ke8 25. h4 Kd7 26. h5 gxh5 27.
Rxh5 a4 28. b4 b5 29. Re2 Rg8 30. Ree5 Rg4 31. Rxd5+ cxd5 32. Rxd5+ Kc6 33.
Rc5+ Kb6 34. Bc1 Rxd4 35. Be3 Rd1+ 36. Kg2 Kb7 37. Rxb5+ Kc6 38. Ra5 Rb1 39. a3
Rb3 40. Rxa4 Rf5 41. Ra7 Re5 42. Bc5 e6 43. a4 h5 44. a5 Re4 45. Rh7 Re5 46. a6
Ra3 47. a7 Rd5 48. Rh8 Rxc5 49. bxc5 Rxa7 50. Rxh5 Rf7 51. Re5 Rf6 52. f4 1-0

[Event "BL 8990 Regensburg-Solingen"]
[Site "?"]
[Date "1989.??.??"]
[Round "?.3"]
[White "Lobron, E."]
[Black "Mandl, Ro"]
[Result "1-0"]
[WhiteElo "2585"]
[BlackElo "2285"]
[PlyCount "84"]
[EventDate "1989.??.??"]

1. d4 Nf6 2. Nf3 e6 3. c4 Bb4+ 4. Bd2 Qe7 5. g3 Nc6 6. Bg2 Bxd2+ 7. Nbxd2 d6 8.
O-O O-O 9. Rc1 a5 10. Rc3 e5 11. d5 Nb4 12. Qb1 Na6 13. Ra3 b6 14. Ne1 Bg4 15.
f3 Bh5 16. e4 Nd7 17. Nc2 Bg6 18. Ne3 Ndc5 19. Rf2 Nb4 20. Rc3 Na4 21. Ra3 Nc5
22. h4 f6 23. Rc3 Na4 24. Rc1 Nxb2 25. Qxb2 Nd3 26. Qc2 Nxc1 27. Qxc1 f5 28.
exf5 Bxf5 29. Nxf5 Rxf5 30. Bh3 Rff8 31. Ne4 Qe8 32. Kg2 Qg6 33. Bg4 h5 34. Qg5
Qxg5 35. Be6+ Kh7 36. Nxg5+ Kg6 37. a4 Rae8 38. f4 exf4 39. gxf4 Re7 40. f5+
Kh6 41. Rf3 Ree8 42. Ne4 Rxf5 1-0

[Event "BL 8990 Regensburg-Solingen"]
[Site "?"]
[Date "1989.??.??"]
[Round "?.6"]
[White "Schmid, G."]
[Black "Reeh, O."]
[Result "0-1"]
[WhiteElo "2315"]
[BlackElo "2430"]
[PlyCount "70"]
[EventDate "1989.??.??"]

1. e4 d6 2. d4 g6 3. c3 Bg7 4. Bg5 Nf6 5. Nd2 O-O 6. f4 c5 7. dxc5 dxc5 8. Bc4
Nc6 9. Ngf3 Na5 10. Bxf6 exf6 11. O-O Bh6 12. g3 Bh3 13. Rf2 Nxc4 14. Nxc4
Qxd1+ 15. Rxd1 Rfd8 16. Rfd2 Rxd2 17. Rxd2 Be6 18. b3 g5 19. fxg5 fxg5 20. Rd6
g4 21. Nh4 Bg7 22. Rd3 b5 23. Na3 c4 24. bxc4 bxc4 25. Re3 Rb8 26. Nf5 Bf8 27.
Nc2 Rb2 28. Ncd4 Rxa2 29. Re1 Bc5 30. Rb1 Bxf5 31. exf5 Rd2 32. f6 h6 33. Rb7
Bxd4+ 34. cxd4 c3 35. Rb8+ Kh7 0-1

[Event "BL 8990 Regensburg-Solingen"]
[Site "?"]
[Date "1989.??.??"]
[Round "?.7"]
[White "Zysk, R."]
[Black "Muehl, T."]
[Result "1/2-1/2"]
[WhiteElo "2450"]
[BlackElo "2280"]
[PlyCount "112"]
[EventDate "1989.??.??"]

1. d4 e6 2. c4 f5 3. g3 Nf6 4. Bg2 d5 5. Nh3 c6 6. O-O Bd6 7. Qb3 O-O 8. Nf4
Qe7 9. Nd2 Nbd7 10. Nf3 Ne4 11. Nd3 b6 12. cxd5 cxd5 13. Bf4 Bxf4 14. Nxf4 Bb7
15. Rfc1 Rfc8 16. h4 Qd6 17. Ng5 Nf8 18. a3 Nxg5 19. hxg5 Ng6 20. Nd3 Ba6 21.
e3 Bxd3 22. Qxd3 Qd8 23. f4 Rxc1+ 24. Rxc1 Rc8 25. Rc3 Ne7 26. Bf1 Kf7 27. Qc2
Rxc3 28. bxc3 Qd6 29. Qa4 Qc7 30. Qb3 Nc6 31. Kf2 Na5 32. Qb4 Nc6 33. Qb3 Na5
34. Qb4 Nc6 35. Qb2 Na5 36. Bd3 Nc4 37. Qb3 Nd6 38. Qb2 Qc6 39. Qb4 a5 40. Qb3
b5 41. Qc2 Ke7 42. g4 g6 43. Kf3 Kf7 44. Kg3 Kg7 45. gxf5 exf5 46. Kf2 Nc4 47.
Bxc4 Qxc4 48. Qb2 h5 49. gxh6+ Kxh6 50. Ke1 Qd3 51. Kf2 g5 52. fxg5+ Kxg5 53.
Qb3 Kg4 54. Qxd5 Qd2+ 55. Kf1 Qd1+ 56. Kf2 Qd2+ 1/2-1/2

[Event "BL 8990 Bamberg-Dortmund"]
[Site "?"]
[Date "1989.??.??"]
[Round "?.2"]
[White "Pfleger, He"]
[Black "Mainka, R."]
[Result "1/2-1/2"]
[WhiteElo "2505"]
[BlackElo "2450"]
[PlyCount "85"]
[EventDate "1989.??.??"]

1. c4 e5 2. Nc3 Bb4 3. g3 Bxc3 4. bxc3 d6 5. Bg2 Nc6 6. d3 Nge7 7. f4 exf4 8.
Bxf4 O-O 9. Nh3 d5 10. Qb3 Na5 11. Qa3 b6 12. cxd5 Nxd5 13. O-O Bxh3 14. Bxh3
Re8 15. Rae1 Nxf4 16. Rxf4 Qg5 17. Bg2 Rad8 18. Qc1 Qc5+ 19. Kh1 Re7 20. Re4
Rxe4 21. Bxe4 Qe5 22. Qf4 Qxf4 23. gxf4 Rd6 24. Kg2 Nc6 25. Rb1 Ne7 26. c4 f5
27. Bf3 Kf7 28. c5 Rd7 29. Kg3 Ke6 30. cxb6 axb6 31. Rb4 Rd6 32. Ra4 Nd5 33.
Ra8 Rd7 34. a4 Ne7 35. a5 bxa5 36. Rxa5 Kf6 37. Rc5 Ke6 38. h4 Kf6 39. h5 Ke6
40. Ra5 Kf6 41. Ra6+ Kf7 42. h6 Rd6 43. Ra7 1/2-1/2

[Event "BL 8990 Bamberg-Dortmund"]
[Site "?"]
[Date "1989.??.??"]
[Round "?.3"]
[White "Keitlinghaus, L."]
[Black "Meister, P."]
[Result "1/2-1/2"]
[WhiteElo "2405"]
[BlackElo "2425"]
[PlyCount "84"]
[EventDate "1989.??.??"]

1. c4 c5 2. Nf3 Nc6 3. Nc3 g6 4. e3 Bg7 5. d4 d6 6. Be2 cxd4 7. exd4 Nh6 8. d5
Ne5 9. Nxe5 dxe5 10. O-O Nf5 11. Re1 O-O 12. Bf1 Bd7 13. b3 Qb8 14. Bb2 Rd8 15.
Qd2 a6 16. Rad1 b5 17. Ne4 Be8 18. Bc3 Qa7 19. Ba5 Rdc8 20. c5 Nd4 21. b4 Qd7
22. Nc3 f6 23. Ne2 f5 24. Nxd4 exd4 25. g3 Qxd5 26. Bg2 Qf7 27. Bxa8 Rxa8 28.
Qf4 Bc6 29. Rxd4 e5 30. Rxe5 Bxe5 31. Qxe5 Qxa2 32. Qe1 Re8 33. Qd1 Kf7 34. Rd6
Qc2 35. f3 Qc3 36. Kf2 Qe3+ 37. Kg2 Qe2+ 38. Qxe2 Rxe2+ 39. Kf1 Bxf3 40. c6 Re6
41. c7 Bb7 42. Rd8 Re8 1/2-1/2

[Event "BL 8990 Bamberg-Dortmund"]
[Site "?"]
[Date "1989.??.??"]
[Round "?.4"]
[White "Goehring, K."]
[Black "Stein, B."]
[Result "1/2-1/2"]
[WhiteElo "2310"]
[BlackElo "2380"]
[PlyCount "28"]
[EventDate "1989.??.??"]

1. d4 Nf6 2. c4 d6 3. Nc3 Nbd7 4. e4 e5 5. Nf3 c6 6. Be2 Be7 7. O-O O-O 8. Re1
a6 9. a3 b5 10. Bf1 Qc7 11. Qc2 Re8 12. b4 Bb7 13. dxe5 dxe5 14. h3 h6 1/2-1/2

[Event "BL 8990 Bamberg-Dortmund"]
[Site "?"]
[Date "1989.??.??"]
[Round "?.5"]
[White "Thesing, M."]
[Black "Hartmann, G."]
[Result "0-1"]
[WhiteElo "2370"]
[BlackElo "2275"]
[PlyCount "104"]
[EventDate "1989.??.??"]

1. Nf3 Nf6 2. d4 g6 3. c4 Bg7 4. Nc3 c5 5. e4 O-O 6. Be2 d6 7. O-O Nc6 8. d5
Na5 9. h3 Bd7 10. Be3 a6 11. Nd2 Rb8 12. a4 Qc7 13. Qc2 e6 14. Rab1 exd5 15.
Nxd5 Nxd5 16. cxd5 f5 17. f3 f4 18. Bf2 Rfc8 19. Rfc1 Qd8 20. Qd1 b5 21. axb5
Bxb5 22. b3 Rb7 23. Qe1 Rcb8 24. Bh4 Qc8 25. Bd1 Bd3 26. Ra1 Rb5 27. Ra2 h6 28.
Kh2 Qc7 29. Bf2 Be5 30. Qg1 Qg7 31. Bc2 Bxc2 32. Rcxc2 Nxb3 33. Nc4 Nd4 34. Rc1
a5 35. Qe1 Nb3 36. Rcc2 Qf6 37. Nxa5 Nxa5 38. Rxa5 Rb1 39. Rc1 R1b2 40. Bh4 Qg7
41. Qd1 g5 42. Be1 h5 43. Kh1 g4 44. fxg4 hxg4 45. Rc2 f3 46. Ra2 Rb1 47. Rc1
gxh3 48. g3 Rxc1 49. Qxc1 Bxg3 50. Bc3 Qxc3 51. Qxc3 Rb1+ 52. Qc1 Rxc1# 0-1

[Event "BL 8990 Bamberg-Dortmund"]
[Site "?"]
[Date "1989.??.??"]
[Round "?.7"]
[White "Davidovic, A."]
[Black "Kestler, H."]
[Result "1-0"]
[WhiteElo "2420"]
[BlackElo "2355"]
[PlyCount "105"]
[EventDate "1989.??.??"]

1. Nf3 Nf6 2. g3 g6 3. c4 Bg7 4. Nc3 c5 5. Bg2 O-O 6. d4 cxd4 7. Nxd4 Nc6 8.
O-O Nxd4 9. Qxd4 d6 10. Qd3 Bf5 11. e4 Be6 12. Bd2 a6 13. b3 Rb8 14. Rac1 Bd7
15. Nd5 Nxd5 16. exd5 Bf5 17. Be4 Bxe4 18. Qxe4 Qd7 19. Rfe1 Rfe8 20. a4 Rbc8
21. h4 h5 22. Kg2 Kh7 23. Qf3 Kg8 24. Bg5 Bf8 25. Be3 Bg7 26. Bb6 e5 27. dxe6
Rxe6 28. Rcd1 Qc6 29. Qxc6 Rxc6 30. Be3 Bc3 31. Re2 Bb4 32. Kf3 Kf8 33. Rd5 Ke7
34. Bg5+ Kd7 35. Re3 Rxe3+ 36. Bxe3 Ke6 37. Ke4 Bc5 38. Bxc5 dxc5 39. a5 Ke7
40. f3 Rc7 41. g4 hxg4 42. fxg4 Kf6 43. Rd6+ Kg7 44. Kf4 Re7 45. h5 Re1 46.
hxg6 Rf1+ 47. Ke4 fxg6 48. g5 Rf7 49. Rd5 Rc7 50. Re5 Kf7 51. Kd5 Rc6 52. Re3
Rc8 53. Kd6 1-0

[Event "BL 8990 Regensburg-Zehlendorf"]
[Site "?"]
[Date "1989.??.??"]
[Round "?.2"]
[White "Gross, S."]
[Black "Wockenfuss, K."]
[Result "1-0"]
[WhiteElo "2435"]
[BlackElo "2405"]
[PlyCount "75"]
[EventDate "1989.??.??"]

1. Nf3 d5 2. c4 e6 3. g3 c5 4. cxd5 exd5 5. d4 Nf6 6. Bg2 Nc6 7. O-O Be7 8. Nc3
O-O 9. Bg5 cxd4 10. Nxd4 Qb6 11. Nb3 Be6 12. Be3 Qb4 13. h3 Rfd8 14. a3 Qc4 15.
Nd4 Nxd4 16. Bxd4 Ne4 17. Rc1 Qa6 18. Kh2 Nxc3 19. Rxc3 Rac8 20. e3 Rc4 21. Re1
b5 22. Qa1 Bf8 23. Rec1 Rdc8 24. Bf1 Rxc3 25. Rxc3 Rxc3 26. Bxc3 Qa4 27. Qe1
Qb3 28. Qd2 Qa4 29. Bd3 h6 30. Kg2 Qa6 31. Bc2 Qb6 32. Qd3 g6 33. Bb3 d4 34.
Bxe6 Qc6+ 35. Kg1 dxc3 36. Qxg6+ Kh8 37. Qf6+ Bg7 38. Qd8+ 1-0

[Event "BL 8990 Regensburg-Zehlendorf"]
[Site "?"]
[Date "1989.??.??"]
[Round "?.3"]
[White "Cladouras, P."]
[Black "Speckner, R."]
[Result "1-0"]
[WhiteElo "2425"]
[BlackElo "2235"]
[PlyCount "105"]
[EventDate "1989.??.??"]

1. e4 e6 2. d4 d5 3. Nc3 Bb4 4. e5 Qd7 5. Bd2 b6 6. Nb5 Bxd2+ 7. Qxd2 Ne7 8.
Qc3 Nbc6 9. Nf3 Bb7 10. Bd3 f6 11. O-O-O a6 12. Na3 fxe5 13. dxe5 O-O-O 14. Qd2
h6 15. c3 Rdf8 16. Qe2 Nb8 17. Kb1 c5 18. h4 Rf7 19. h5 Rhf8 20. Rh4 Kc7 21.
Rg4 Bc8 22. Bc2 Qe8 23. Qe3 Nbc6 24. Ka1 Bd7 25. Qe2 Qa8 26. Qd2 Nc8 27. b4 Qa7
28. bxc5 bxc5 29. Rb1 c4 30. Bg6 Re7 31. Nc2 Nb6 32. Ncd4 Na4 33. Nxc6 Bxc6 34.
Rxc4 Rd8 35. Rg4 Qc5 36. Nd4 Rb8 37. Rg3 Rb7 38. Bc2 Rxb1+ 39. Kxb1 Kb8 40.
Bxa4 Bxa4 41. Ka1 Rb7 42. Re3 Be8 43. Re1 Qb6 44. g4 g6 45. hxg6 Bxg6 46. Nb3
h5 47. gxh5 Bxh5 48. Qd4 Qb5 49. Rg1 Rc7 50. Rg8+ Kb7 51. Kb2 a5 52. a4 Qe2+
53. Ka3 1-0

[Event "BL 8990 Regensburg-Zehlendorf"]
[Site "?"]
[Date "1989.??.??"]
[Round "?.4"]
[White "Mandl, Ro"]
[Black "Pritchett, C."]
[Result "1/2-1/2"]
[WhiteElo "2285"]
[BlackElo "2360"]
[PlyCount "100"]
[EventDate "1989.??.??"]

1. c4 e6 2. Nf3 Nf6 3. g3 b6 4. Bg2 Bb7 5. O-O Be7 6. d4 O-O 7. Nc3 Ne4 8. Bd2
f5 9. d5 Bf6 10. Rc1 Na6 11. Ne1 exd5 12. cxd5 Nac5 13. b4 Nxc3 14. Bxc3 Ne4
15. Bxf6 Rxf6 16. Bxe4 fxe4 17. Rc4 Rd6 18. Rxe4 Rxd5 19. Qc2 Rh5 20. Rc4 c6
21. Nf3 d5 22. Rf4 Qd6 23. h4 Rf8 24. Rxf8+ Qxf8 25. Qa4 a6 26. Nd4 Rh6 27. Qb3
Kh8 28. Qe3 Rf6 29. Rc1 h6 30. a3 c5 31. bxc5 bxc5 32. Ne6 d4 33. Qb3 Qe7 34.
Nxc5 Qxe2 35. Nxb7 Qxf2+ 36. Kh1 Qf3+ 37. Qxf3 Rxf3 38. Kg2 Rxa3 39. Rc8+ Kh7
40. Kf2 Rb3 41. Na5 Rb2+ 42. Kf3 Rb5 43. Nc4 Rb3+ 44. Kf4 g5+ 45. hxg5 hxg5+
46. Kg4 Rc3 47. Rc6 d3 48. Kxg5 d2 49. Rc7+ Kg8 50. Rd7 Rxc4 1/2-1/2